000 00401nam a22001217a 4500
003 SGT
082 _a080
_bB73V
100 _aवाजपेयी, अटल बिहारी
245 _aभारतीय जनसंघ घोषणाएं व प्रस्ताव 1951-72
260 _b भारतीय जनसंघ प्रकाशन
_c1973
300 _a232
942 _2ddc
_cBK
999 _c31514
_d31514